[Event "ARG-ch Seniors 65"]
[Site "Termas de Rio Hondo"]
[Date "2017.04.20"]
[Round "3"]
[White "Guanca, Felipe"]
[Black "Martin, Mateo"]
[Result "1-0"]
[WhiteElo "1618"]
[BlackElo "1959"]
[PlyCount "83"]
[EventDate "2017.04.19"]
[EventType "swiss"]
[EventRounds "7"]
[EventCountry "ARG"]
[SourceTitle "EXT 2024"]
[Source "ChessBase"]
[SourceDate "2023.10.10"]
[SourceVersion "1"]
[SourceVersionDate "2023.10.10"]
[SourceQuality "1"]

1. e4 c5 2. Nf3 d6 3. Bb5+ Bd7 4. Bxd7+ Nxd7 5. c3 Ngf6 6. Qe2 Qc7 7. 0-0 e6 8. d4 Be7 9. e5 Nd5 10. c4 N5b6 11. exd6 Bxd6 12. d5 e5 13. Nc3 a6 14. Ne4 0-0-0 15. Be3 h6 16. b4 Kb8 17. Nxd6 Qxd6 18. bxc5 Nxc5 19. Nd2 Rhe8 20. Nb3 Nba4 21. Qc2 Rc8 22. f4 Ka8 23. fxe5 Qxe5 24. Bd4 Qh5 25. Rae1 Nd7 26. Qf2 f6 27. Rxe8 Rxe8 28. Re1 Rxe1+ 29. Qxe1 Nab6 30. Qf1 Nc8 31. Qf3 Qxf3 32. gxf3 b6 33. Kf2 Kb7 34. Ke3 Ne7 35. a4 Kc7 36. Kd3 Kd6 37. f4 g6 38. Nd2 f5 39. h4 Nc5+ 40. Bxc5+ Kxc5 41. Nf3 Kd6 42. Ne5 1-0